[Event "Blitz 2018"]
[Site "Saint-Petersburg"]
[Date "2018.12.29"]
[Round "8"]
[Board "60"]
[White "Moiseenko Vadim (RUS)"]
[Black "Vokhidov Shamsiddin (UZB)"]
[Result "0-1"]
[LiveChessVersion "1.4.8"]
[BlackElo "2414"]
[WhiteElo "2560"]

1. e4 {[%clk 0:03:03]} e5 {[%clk 0:03:04]} 2. Bc4 {[%clk 0:03:04]} Nf6
{[%clk 0:03:05]} 3. d3 {[%clk 0:03:05]} Bc5 {[%clk 0:03:05]} 4. Qf3
{[%clk 0:03:06]} c6 {[%clk 0:03:04]} 5. Bg5 {[%clk 0:03:06]} Be7 {[%clk 0:03:04]}
6. Nc3 {[%clk 0:03:05]} h6 {[%clk 0:02:59]} 7. Bh4 {[%clk 0:03:05]} d6
{[%clk 0:02:59]} 8. h3 {[%clk 0:03:05]} Nbd7 {[%clk 0:02:59]} 9. a4
{[%clk 0:03:03]} Nf8 {[%clk 0:02:53]} 10. Nge2 {[%clk 0:03:02]} Ng6
{[%clk 0:02:53]} 11. Bxf6 {[%clk 0:02:51]} Bxf6 {[%clk 0:02:53]} 12. Bb3
{[%clk 0:02:45]} O-O {[%clk 0:02:44]} 13. O-O {[%clk 0:02:38]} Kh8
{[%clk 0:02:35]} 14. Rad1 {[%clk 0:02:34]} Qe7 {[%clk 0:02:33]} 15. Ng3
{[%clk 0:02:31]} Nf4 {[%clk 0:02:31]} 16. Nce2 {[%clk 0:02:32]} Nxe2+
{[%clk 0:02:20]} 17. Qxe2 {[%clk 0:02:30]} g6 {[%clk 0:02:21]} 18. c3
{[%clk 0:02:11]} h5 {[%clk 0:02:12]} 19. Rfe1 {[%clk 0:02:10]} Bg7
{[%clk 0:02:03]} 20. d4 {[%clk 0:02:09]} Bd7 {[%clk 0:02:00]} 21. Rd3
{[%clk 0:02:02]} h4 {[%clk 0:01:58]} 22. Nf1 {[%clk 0:01:58]} Rad8
{[%clk 0:01:52]} 23. Nh2 {[%clk 0:01:57]} exd4 {[%clk 0:01:29]} 24. cxd4
{[%clk 0:01:58]} c5 {[%clk 0:01:30]} 25. dxc5 {[%clk 0:01:47]} dxc5
{[%clk 0:01:32]} 26. Nf3 {[%clk 0:01:44]} Bc6 {[%clk 0:01:30]} 27. Bd5
{[%clk 0:01:18]} Bxa4 {[%clk 0:01:25]} 28. Ra3 {[%clk 0:01:18]} b5
{[%clk 0:01:19]} 29. b3 {[%clk 0:01:15]} c4 {[%clk 0:01:20]} 30. Rxa4
{[%clk 0:01:03]} bxa4 {[%clk 0:01:20]} 31. bxc4 {[%clk 0:01:00]} a3
{[%clk 0:01:17]} 32. e5 {[%clk 0:01:02]} Rb8 {[%clk 0:01:11]} 33. Ra1
{[%clk 0:00:50]} Rb2 {[%clk 0:01:11]} 34. Qe4 {[%clk 0:00:45]} a2
{[%clk 0:01:09]} 35. c5 {[%clk 0:00:37]} Qxc5 {[%clk 0:01:07]} 36. Bxa2
{[%clk 0:00:37]} Qxf2+ {[%clk 0:01:08]} 0-1

[Event "Blitz 2018"]
[Site "Saint-Petersburg"]
[Date "2018.12.29"]
[Round "8"]
[Board "61"]
[White "Popov Ivan (RUS)"]
[Black "Kabanov Nikolai (RUS)"]
[Result "1-0"]
[LiveChessVersion "1.4.8"]
[BlackElo "2311"]
[WhiteElo "2560"]

1. e4 {[%clk 0:03:03]} e5 {[%clk 0:03:03]} 2. Nf3 d6 3. d4 {[%clk 0:03:05]} exd4
{[%clk 0:03:06]} 4. Nxd4 {[%clk 0:03:06]} Nf6 {[%clk 0:03:07]} 5. Nc3
{[%clk 0:03:07]} Be7 {[%clk 0:03:09]} 6. Bf4 {[%clk 0:03:08]} O-O
{[%clk 0:03:09]} 7. Qd2 {[%clk 0:03:09]} d5 {[%clk 0:03:10]} 8. O-O-O
{[%clk 0:02:51]} Bb4 {[%clk 0:02:55]} 9. exd5 {[%clk 0:01:51]} Ne4
{[%clk 0:02:40]} 10. Qe3 {[%clk 0:01:49]} Nxc3 {[%clk 0:02:40]} 11. bxc3
{[%clk 0:01:50]} Ba3+ {[%clk 0:02:40]} 12. Kb1 {[%clk 0:01:51]} Qxd5
{[%clk 0:02:30]} 13. Bd3 {[%clk 0:01:48]} c6 {[%clk 0:02:11]} 14. Nb5
{[%clk 0:01:39]} Qh5 {[%clk 0:01:55]} 15. Nxa3 {[%clk 0:01:35]} 1-0

[Event "Blitz 2018"]
[Site "Saint-Petersburg"]
[Date "2018.12.29"]
[Round "8"]
[Board "62"]
[White "Al-Sayed Mohammed (QAT)"]
[Black "Yakubboev Nodirbek (UZB)"]
[Result "0-1"]
[LiveChessVersion "1.4.8"]
[BlackElo "2388"]
[WhiteElo "2547"]

1. d4 {[%clk 0:03:02]} Nf6 {[%clk 0:03:00]} 2. c3 {[%clk 0:03:03]} d6
{[%clk 0:02:46]} 3. Bg5 {[%clk 0:03:03]} Nbd7 {[%clk 0:02:41]} 4. Nd2
{[%clk 0:03:03]} h6 {[%clk 0:02:41]} 5. Bh4 {[%clk 0:03:02]} e5 {[%clk 0:02:11]}
6. e3 {[%clk 0:03:02]} Be7 {[%clk 0:01:57]} 7. Bc4 {[%clk 0:02:58]} O-O
{[%clk 0:01:50]} 8. Ne2 {[%clk 0:02:57]} d5 {[%clk 0:01:28]} 9. Bb3
{[%clk 0:02:57]} c6 {[%clk 0:01:24]} 10. O-O {[%clk 0:02:57]} Re8
{[%clk 0:01:10]} 11. Rc1 {[%clk 0:02:51]} b5 {[%clk 0:01:04]} 12. Bc2
{[%clk 0:02:32]} e4 {[%clk 0:00:39]} 13. Kh1 {[%clk 0:02:07]} Nf8
{[%clk 0:00:30]} 14. b3 {[%clk 0:01:55]} Ng6 {[%clk 0:00:22]} 15. Bg3
{[%clk 0:01:55]} Nh5 {[%clk 0:00:21]} 16. c4 {[%clk 0:01:55]} Nxg3+
{[%clk 0:00:13]} 17. fxg3 {[%clk 0:01:55]} Bg4 {[%clk 0:00:11]} 18. Qe1
{[%clk 0:01:56]} Bxe2 {[%clk 0:00:07]} 19. Qxe2 {[%clk 0:01:57]} Ba3
{[%clk 0:00:07]} 20. Rb1 {[%clk 0:01:56]} a6 {[%clk 0:00:08]} 21. Rf5
{[%clk 0:01:47]} Ne7 {[%clk 0:00:06]} 22. Rf2 {[%clk 0:01:45]} f5
{[%clk 0:00:05]} 23. Rbf1 {[%clk 0:01:38]} Qd7 {[%clk 0:00:06]} 24. Qh5
{[%clk 0:01:33]} Rf8 {[%clk 0:00:07]} 25. Bd1 {[%clk 0:01:30]} Qe8
{[%clk 0:00:06]} 26. Qh4 {[%clk 0:01:25]} Qg6 {[%clk 0:00:03]} 27. c5
{[%clk 0:01:21]} Qg5 {[%clk 0:00:05]} 28. Qf4 {[%clk 0:00:56]} Qxf4
{[%clk 0:00:04]} 29. gxf4 {[%clk 0:00:57]} Bc1 {[%clk 0:00:04]} 30. Rg1
{[%clk 0:00:48]} g5 {[%clk 0:00:03]} 31. g4 {[%clk 0:00:48]} fxg4
{[%clk 0:00:03]} 32. Bxg4 {[%clk 0:00:48]} Bxd2 {[%clk 0:00:04]} 33. Rxd2
{[%clk 0:00:45]} gxf4 {[%clk 0:00:05]} 34. Rdg2 {[%clk 0:00:34]} Kh8
{[%clk 0:00:06]} 35. Be6 {[%clk 0:00:28]} f3 {[%clk 0:00:06]} 36. Rg3
{[%clk 0:00:25]} Rf6 {[%clk 0:00:07]} 37. Bd7 {[%clk 0:00:24]} Rd8
{[%clk 0:00:07]} 38. Bh3 {[%clk 0:00:23]} Rdf8 {[%clk 0:00:07]} 39. Bg4
{[%clk 0:00:20]} Rg8 {[%clk 0:00:07]} 40. Bd7 {[%clk 0:00:08]} Rxg3
{[%clk 0:00:07]} 41. hxg3 {[%clk 0:00:09]} Nf5 {[%clk 0:00:08]} 42. Bxf5
{[%clk 0:00:07]} Rxf5 {[%clk 0:00:09]} 43. Rf1 {[%clk 0:00:06]} Kg7
{[%clk 0:00:10]} 44. Kg1 {[%clk 0:00:07]} Rh5 {[%clk 0:00:11]} 45. Rf2
{[%clk 0:00:08]} Rh3 {[%clk 0:00:11]} 0-1

[Event "Blitz 2018"]
[Site "Saint-Petersburg"]
[Date "2018.12.29"]
[Round "8"]
[Board "63"]
[White "Sokolin Leonid (USA)"]
[Black "Anton Guijarro David (ESP)"]
[Result "0-1"]
[LiveChessVersion "1.4.8"]
[BlackElo "2631"]
[WhiteElo "2508"]

1. e4 {[%clk 0:03:03]} g6 {[%clk 0:03:03]} 2. d4 {[%clk 0:03:04]} Bg7
{[%clk 0:03:04]} 3. Nc3 {[%clk 0:03:06]} c6 {[%clk 0:03:05]} 4. Nf3
{[%clk 0:03:07]} d6 {[%clk 0:03:06]} 5. Bc4 {[%clk 0:03:04]} Nf6 {[%clk 0:03:06]}
6. e5 {[%clk 0:03:00]} dxe5 {[%clk 0:03:06]} 7. Nxe5 {[%clk 0:03:01]} O-O
{[%clk 0:03:06]} 8. O-O {[%clk 0:03:01]} Nbd7 {[%clk 0:03:06]} 9. Qe2
{[%clk 0:02:39]} Nb6 {[%clk 0:03:05]} 10. Bb3 {[%clk 0:02:39]} a5
{[%clk 0:02:54]} 11. a4 {[%clk 0:02:40]} Nfd5 {[%clk 0:02:48]} 12. Ne4
{[%clk 0:02:36]} Nc7 {[%clk 0:02:47]} 13. c3 {[%clk 0:02:36]} Be6
{[%clk 0:02:46]} 14. Bc2 {[%clk 0:02:36]} Bxe5 {[%clk 0:02:40]} 15. dxe5
{[%clk 0:02:37]} Bc4 {[%clk 0:02:42]} 16. Qg4 {[%clk 0:02:32]} Bxf1
{[%clk 0:02:41]} 17. Kxf1 {[%clk 0:02:33]} Qd7 {[%clk 0:02:33]} 18. Qh4
{[%clk 0:02:30]} Qe6 {[%clk 0:02:22]} 19. Bf4 {[%clk 0:02:14]} Qc4+
{[%clk 0:02:05]} 20. Kg1 {[%clk 0:02:03]} Ne6 {[%clk 0:02:05]} 21. Bh6
{[%clk 0:01:35]} Rfe8 {[%clk 0:01:55]} 22. h3 {[%clk 0:01:29]} Rad8
{[%clk 0:01:49]} 23. Re1 {[%clk 0:01:29]} Qd5 {[%clk 0:01:37]} 24. Ng5
{[%clk 0:01:25]} Nxg5 {[%clk 0:01:34]} 25. Bxg5 {[%clk 0:01:26]} Qe6
{[%clk 0:01:30]} 26. b3 {[%clk 0:01:16]} Nd5 {[%clk 0:01:21]} 27. f4
{[%clk 0:01:03]} Nxc3 {[%clk 0:01:08]} 28. Qg3 {[%clk 0:01:00]} Na2
{[%clk 0:00:41]} 29. f5 {[%clk 0:00:59]} Qd5 {[%clk 0:00:43]} 30. Kh2
{[%clk 0:00:53]} Nb4 31. Be4 Qc5 {[%clk 0:00:30]} 32. e6 {[%clk 0:00:45]} f6
{[%clk 0:00:28]} 33. Be3 {[%clk 0:00:47]} Qe5 {[%clk 0:00:28]} 34. Bf4
{[%clk 0:00:48]} Qb2 {[%clk 0:00:18]} 35. fxg6 {[%clk 0:00:49]} h6
{[%clk 0:00:18]} 36. Qh4 {[%clk 0:00:41]} f5 {[%clk 0:00:19]} 37. Be5
{[%clk 0:00:36]} Qxe5+ {[%clk 0:00:19]} 38. Kh1 {[%clk 0:00:34]} fxe4
{[%clk 0:00:18]} 39. Rxe4 {[%clk 0:00:34]} Rd1+ {[%clk 0:00:19]} 0-1

[Event "Blitz 2018"]
[Site "Saint-Petersburg"]
[Date "2018.12.29"]
[Round "8"]
[Board "64"]
[White "Rechlis Gad (ISR)"]
[Black "Grigoriants Sergey (RUS)"]
[Result "1-0"]
[LiveChessVersion "1.4.8"]
[BlackElo "2626"]
[WhiteElo "2500"]

1. e4 {[%clk 0:03:03]} c5 {[%clk 0:03:02]} 2. Nc3 {[%clk 0:03:03]} Nc6
{[%clk 0:03:01]} 3. Nf3 {[%clk 0:03:04]} e6 {[%clk 0:03:00]} 4. d4
{[%clk 0:03:04]} cxd4 {[%clk 0:03:01]} 5. Nxd4 {[%clk 0:03:05]} d6
{[%clk 0:03:02]} 6. g3 {[%clk 0:03:00]} Nf6 {[%clk 0:02:57]} 7. Bg2
{[%clk 0:03:01]} Bd7 {[%clk 0:02:58]} 8. O-O {[%clk 0:03:02]} a6 {[%clk 0:02:58]}
9. Be3 {[%clk 0:02:52]} Be7 {[%clk 0:02:56]} 10. f4 {[%clk 0:02:51]} O-O
{[%clk 0:02:35]} 11. Qe2 {[%clk 0:02:42]} Nxd4 {[%clk 0:02:18]} 12. Bxd4
{[%clk 0:02:43]} Bc6 {[%clk 0:02:19]} 13. g4 {[%clk 0:02:31]} Nd7
{[%clk 0:02:13]} 14. Rad1 {[%clk 0:02:25]} Rc8 {[%clk 0:02:05]} 15. Kh1
{[%clk 0:02:16]} b5 {[%clk 0:01:58]} 16. a3 {[%clk 0:02:17]} Re8 {[%clk 0:01:55]}
17. g5 {[%clk 0:02:16]} Qc7 {[%clk 0:01:32]} 18. Qh5 {[%clk 0:02:07]} g6
{[%clk 0:00:43]} 19. Qh4 {[%clk 0:02:07]} Bf8 {[%clk 0:00:16]} 20. Rd3
{[%clk 0:01:45]} e5 {[%clk 0:00:15]} 21. fxe5 {[%clk 0:01:40]} Nxe5
{[%clk 0:00:16]} 22. Rh3 {[%clk 0:01:36]} h6 {[%clk 0:00:17]} 23. gxh6
{[%clk 0:01:37]} Kh7 {[%clk 0:00:18]} 24. Bxe5 {[%clk 0:01:32]} Rxe5
{[%clk 0:00:18]} 25. Rhf3 {[%clk 0:01:33]} f5 {[%clk 0:00:06]} 26. exf5
{[%clk 0:01:31]} Bxf3 {[%clk 0:00:06]} 27. fxg6+ {[%clk 0:01:32]} Kxg6
{[%clk 0:00:07]} 28. Bxf3 {[%clk 0:01:32]} Qc4 {[%clk 0:00:06]} 29. Be4+
{[%clk 0:01:26]} Rxe4 {[%clk 0:00:07]} 30. Rg1+ {[%clk 0:01:23]} Kf5
{[%clk 0:00:05]} 31. Rg5+ {[%clk 0:01:19]} Ke6 {[%clk 0:00:06]} 32. Rg6+
{[%clk 0:01:08]} Kd7 {[%clk 0:00:07]} 33. Qxe4 {[%clk 0:01:08]} Qf7
{[%clk 0:00:03]} 34. h7 {[%clk 0:01:06]} Be7 {[%clk 0:00:03]} 35. Qg4+
{[%clk 0:01:04]} Kc7 {[%clk 0:00:03]} 36. Qxc8+ {[%clk 0:01:04]} Kxc8
{[%clk 0:00:04]} 37. h8=Q+ {[%clk 0:01:04]} 1-0

[Event "Blitz 2018"]
[Site "Saint-Petersburg"]
[Date "2018.12.29"]
[Round "8"]
[Board "65"]
[White "Sychev Klementy (RUS)"]
[Black "Zubritskiy Artyom (RUS)"]
[Result "1/2-1/2"]
[LiveChessVersion "1.4.8"]
[BlackElo "2513"]
[WhiteElo "2594"]

1. e4 {[%clk 0:03:03]} c5 {[%clk 0:03:04]} 2. Nf3 d6 3. Nc3 {[%clk 0:03:05]} Nf6
4. e5 dxe5 {[%clk 0:03:07]} 5. Nxe5 {[%clk 0:03:08]} Nbd7 {[%clk 0:02:52]} 6. d4
{[%clk 0:03:08]} Nxe5 {[%clk 0:02:32]} 7. dxe5 {[%clk 0:03:09]} Qxd1+
{[%clk 0:02:33]} 8. Kxd1 {[%clk 0:03:11]} Ng4 {[%clk 0:02:30]} 9. Bb5+
{[%clk 0:03:12]} Bd7 {[%clk 0:02:29]} 10. e6 {[%clk 0:03:14]} fxe6
{[%clk 0:01:34]} 11. Ke2 {[%clk 0:03:11]} O-O-O {[%clk 0:01:14]} 12. Bf4
{[%clk 0:03:06]} g5 {[%clk 0:01:00]} 13. Bxd7+ {[%clk 0:02:44]} Rxd7
{[%clk 0:01:00]} 14. Bxg5 {[%clk 0:02:45]} Bg7 {[%clk 0:00:51]} 15. Rad1
{[%clk 0:02:36]} Bxc3 {[%clk 0:00:47]} 16. bxc3 {[%clk 0:02:36]} Rhd8
{[%clk 0:00:41]} 17. Rxd7 {[%clk 0:02:34]} Rxd7 {[%clk 0:00:43]} 18. Bf4
{[%clk 0:02:26]} Nf6 {[%clk 0:00:39]} 19. f3 {[%clk 0:02:20]} Rd5
{[%clk 0:00:28]} 20. Rb1 {[%clk 0:02:09]} b6 {[%clk 0:00:28]} 21. g4
{[%clk 0:02:07]} e5 {[%clk 0:00:24]} 22. Be3 {[%clk 0:01:56]} e4 {[%clk 0:00:25]}
23. g5 {[%clk 0:01:56]} exf3+ {[%clk 0:00:26]} 24. Kxf3 {[%clk 0:01:57]} Rf5+
{[%clk 0:00:25]} 25. Ke2 {[%clk 0:01:52]} Nd5 {[%clk 0:00:22]} 26. Bd2
{[%clk 0:01:52]} c4 {[%clk 0:00:11]} 27. Rg1 {[%clk 0:01:48]} Kd7
{[%clk 0:00:12]} 28. Rg4 {[%clk 0:01:47]} b5 {[%clk 0:00:12]} 29. Rh4
{[%clk 0:01:48]} Rf7 {[%clk 0:00:13]} 30. Rd4 {[%clk 0:01:47]} Kd6
{[%clk 0:00:11]} 31. h4 {[%clk 0:01:47]} e5 {[%clk 0:00:09]} 32. Rg4
{[%clk 0:01:48]} Ke6 {[%clk 0:00:10]} 33. h5 {[%clk 0:01:36]} Kf5
{[%clk 0:00:12]} 34. g6 {[%clk 0:01:33]} hxg6 {[%clk 0:00:10]} 35. Rg5+
{[%clk 0:01:33]} Ke4 {[%clk 0:00:09]} 36. Rxg6 {[%clk 0:01:26]} Nf4+
{[%clk 0:00:08]} 37. Bxf4 {[%clk 0:01:27]} Rxf4 {[%clk 0:00:09]} 38. a4
{[%clk 0:01:14]} Rh4 {[%clk 0:00:07]} 39. axb5 {[%clk 0:01:13]} Rxh5
{[%clk 0:00:07]} 40. Rg4+ {[%clk 0:01:12]} Kd5 {[%clk 0:00:08]} 41. Rg7
{[%clk 0:01:14]} Rh2+ {[%clk 0:00:08]} 42. Kd1 {[%clk 0:01:15]} Kc5
{[%clk 0:00:08]} 43. Rxa7 {[%clk 0:01:10]} Kxb5 {[%clk 0:00:09]} 44. Re7
{[%clk 0:01:11]} Rh5 {[%clk 0:00:10]} 45. Ke2 {[%clk 0:01:09]} 1/2-1/2

[Event "Blitz 2018"]
[Site "Saint-Petersburg"]
[Date "2018.12.29"]
[Round "8"]
[Board "66"]
[White "Potkin Vladimir (RUS)"]
[Black "Najer Evgeniy (RUS)"]
[Result "1-0"]
[LiveChessVersion "1.4.8"]
[BlackElo "2573"]
[WhiteElo "2494"]

1. Nf3 {[%clk 0:03:01]} Nf6 {[%clk 0:02:59]} 2. c4 {[%clk 0:03:01]} g6
{[%clk 0:02:58]} 3. Nc3 {[%clk 0:03:01]} Bg7 {[%clk 0:02:56]} 4. g3
{[%clk 0:02:59]} d6 {[%clk 0:02:55]} 5. d4 {[%clk 0:02:59]} O-O {[%clk 0:02:55]}
6. Bg2 {[%clk 0:03:00]} Nc6 {[%clk 0:02:55]} 7. O-O {[%clk 0:03:00]} e5
{[%clk 0:02:56]} 8. dxe5 {[%clk 0:02:59]} dxe5 {[%clk 0:02:56]} 9. Bg5
{[%clk 0:02:59]} Be6 {[%clk 0:02:55]} 10. Nd2 {[%clk 0:02:26]} Qc8
{[%clk 0:02:47]} 11. Nd5 {[%clk 0:02:23]} Nd7 {[%clk 0:02:42]} 12. b4
{[%clk 0:01:50]} Kh8 {[%clk 0:02:22]} 13. b5 {[%clk 0:01:46]} Nd8
{[%clk 0:02:17]} 14. Rc1 {[%clk 0:01:36]} f6 {[%clk 0:01:54]} 15. Be3
{[%clk 0:01:33]} Nf7 {[%clk 0:01:52]} 16. Ne4 {[%clk 0:01:25]} Re8
{[%clk 0:01:23]} 17. Qb3 {[%clk 0:01:12]} c6 {[%clk 0:01:16]} 18. Rfd1
{[%clk 0:01:04]} Qb8 {[%clk 0:01:08]} 19. bxc6 {[%clk 0:00:47]} bxc6
{[%clk 0:01:09]} 20. Nb4 {[%clk 0:00:48]} f5 {[%clk 0:00:51]} 21. Nc5
{[%clk 0:00:48]} Nxc5 {[%clk 0:00:52]} 22. Bxc5 {[%clk 0:00:49]} e4
{[%clk 0:00:53]} 23. Qa4 {[%clk 0:00:33]} Qc7 {[%clk 0:00:50]} 24. f3
{[%clk 0:00:25]} Ne5 {[%clk 0:00:41]} 25. fxe4 {[%clk 0:00:23]} fxe4
{[%clk 0:00:42]} 26. Bd6 {[%clk 0:00:13]} Qf7 {[%clk 0:00:37]} 27. Bxe5
{[%clk 0:00:14]} Bxe5 {[%clk 0:00:38]} 28. Nxc6 {[%clk 0:00:14]} Bg7
{[%clk 0:00:33]} 29. c5 {[%clk 0:00:09]} Bxa2 {[%clk 0:00:32]} 30. Nd4
{[%clk 0:00:05]} Bd5 {[%clk 0:00:22]} 31. c6 {[%clk 0:00:06]} Qc7
{[%clk 0:00:22]} 32. e3 {[%clk 0:00:06]} a6 {[%clk 0:00:22]} 33. Rc5 Rad8
{[%clk 0:00:21]} 34. Rdc1 {[%clk 0:00:05]} Bh6 {[%clk 0:00:22]} 35. Re1
{[%clk 0:00:05]} Qb6 {[%clk 0:00:19]} 36. Qa5 {[%clk 0:00:06]} Qxa5
{[%clk 0:00:15]} 37. Rxa5 {[%clk 0:00:07]} Bc4 {[%clk 0:00:16]} 38. Rc5
{[%clk 0:00:05]} Bxe3+ {[%clk 0:00:10]} 39. Rxe3 {[%clk 0:00:06]} Rxd4
{[%clk 0:00:11]} 40. Rc3 {[%clk 0:00:04]} e3 {[%clk 0:00:08]} 41. Rc1
{[%clk 0:00:03]} e2 {[%clk 0:00:09]} 42. Re1 {[%clk 0:00:04]} Rd1
{[%clk 0:00:09]} 43. Kf2 Rf8+ 44. Bf3 {[%clk 0:00:06]} Rxf3+ {[%clk 0:00:10]} 45.
Kxf3 {[%clk 0:00:07]} Rxe1 {[%clk 0:00:11]} 46. Rxc4 {[%clk 0:00:08]} Rf1+
{[%clk 0:00:07]} 47. Kxe2 {[%clk 0:00:09]} Rf8 {[%clk 0:00:08]} 48. Kd3
{[%clk 0:00:10]} Kg7 {[%clk 0:00:09]} 49. Kd4 {[%clk 0:00:10]} Kf6
{[%clk 0:00:10]} 50. c7 {[%clk 0:00:10]} Rc8 {[%clk 0:00:12]} 51. Kd5
{[%clk 0:00:11]} 1-0

[Event "Blitz 2018"]
[Site "Saint-Petersburg"]
[Date "2018.12.29"]
[Round "8"]
[Board "67"]
[White "Saric Ivan (CRO)"]
[Black "Seliverstov Vladimir (RUS)"]
[Result "1-0"]
[LiveChessVersion "1.4.8"]
[BlackElo "2512"]
[WhiteElo "2572"]

1. e4 {[%clk 0:03:03]} g6 {[%clk 0:03:03]} 2. d4 Bg7 3. Nc3 {[%clk 0:03:06]} d6
{[%clk 0:03:06]} 4. Be3 {[%clk 0:03:06]} a6 {[%clk 0:03:08]} 5. h4
{[%clk 0:03:06]} h6 {[%clk 0:03:09]} 6. Qd2 {[%clk 0:03:03]} b5 {[%clk 0:03:10]}
7. f4 {[%clk 0:03:01]} Nf6 {[%clk 0:03:09]} 8. e5 {[%clk 0:02:57]} Ng4
{[%clk 0:03:10]} 9. Be2 {[%clk 0:02:54]} h5 {[%clk 0:03:07]} 10. Bf3
{[%clk 0:02:51]} c6 {[%clk 0:02:54]} 11. Nh3 {[%clk 0:02:45]} Qb6
{[%clk 0:02:33]} 12. Bg1 {[%clk 0:02:37]} d5 {[%clk 0:02:20]} 13. Ng5
{[%clk 0:02:29]} Bf5 {[%clk 0:02:18]} 14. Nxd5 {[%clk 0:02:22]} cxd5
{[%clk 0:01:57]} 15. Bxd5 {[%clk 0:02:24]} Nc6 {[%clk 0:01:58]} 16. Bxf7+
{[%clk 0:02:24]} Kf8 {[%clk 0:01:55]} 17. d5 {[%clk 0:02:24]} Qc7
{[%clk 0:01:49]} 18. Bxg6 {[%clk 0:02:12]} 1-0

[Event "Blitz 2018"]
[Site "Saint-Petersburg"]
[Date "2018.12.29"]
[Round "8"]
[Board "68"]
[White "Gabrielian Artur (RUS)"]
[Black "Zhigalko Andrey (BLR)"]
[Result "0-1"]
[LiveChessVersion "1.4.8"]
[BlackElo "2493"]
[WhiteElo "2562"]

1. e4 {[%clk 0:03:03]} c5 {[%clk 0:03:04]} 2. Nc3 {[%clk 0:03:04]} Nc6
{[%clk 0:03:05]} 3. Bb5 {[%clk 0:03:04]} Nd4 {[%clk 0:03:06]} 4. Bc4
{[%clk 0:03:05]} Nf6 {[%clk 0:03:06]} 5. Nf3 {[%clk 0:02:59]} e6 {[%clk 0:03:08]}
6. O-O a6 7. a4 {[%clk 0:02:46]} d5 {[%clk 0:02:31]} 8. exd5 {[%clk 0:02:45]}
exd5 {[%clk 0:02:31]} 9. Ba2 {[%clk 0:02:37]} Bg4 {[%clk 0:02:20]} 10. Qe1+
{[%clk 0:02:31]} Be7 {[%clk 0:02:20]} 11. Nxd4 {[%clk 0:02:29]} cxd4
{[%clk 0:02:21]} 12. Ne2 {[%clk 0:02:30]} d3 {[%clk 0:02:06]} 13. cxd3
{[%clk 0:02:30]} O-O {[%clk 0:02:07]} 14. h3 {[%clk 0:02:23]} Bf5
{[%clk 0:02:06]} 15. Bb1 {[%clk 0:02:15]} Re8 {[%clk 0:02:05]} 16. Qd1
{[%clk 0:02:16]} Rc8 {[%clk 0:01:38]} 17. d4 {[%clk 0:02:08]} Bxb1
{[%clk 0:01:36]} 18. Rxb1 {[%clk 0:02:09]} h6 {[%clk 0:01:25]} 19. d3
{[%clk 0:02:07]} Bd6 {[%clk 0:01:23]} 20. Ng3 {[%clk 0:01:58]} Rc6
{[%clk 0:00:45]} 21. Nf5 {[%clk 0:01:52]} Bf8 {[%clk 0:00:46]} 22. Be3
{[%clk 0:01:41]} Kh7 {[%clk 0:00:39]} 23. Re1 {[%clk 0:01:39]} g6
{[%clk 0:00:37]} 24. Ng3 {[%clk 0:01:40]} Rce6 {[%clk 0:00:33]} 25. Bd2
{[%clk 0:01:25]} Rxe1+ {[%clk 0:00:33]} 26. Bxe1 {[%clk 0:01:26]} Qb6
{[%clk 0:00:25]} 27. Qf3 {[%clk 0:01:22]} Bg7 {[%clk 0:00:14]} 28. Bc3
{[%clk 0:01:20]} Re7 {[%clk 0:00:13]} 29. a5 {[%clk 0:01:12]} Qb5
{[%clk 0:00:13]} 30. Ne2 {[%clk 0:00:54]} Ne8 {[%clk 0:00:07]} 31. Nf4
{[%clk 0:00:53]} Nc7 {[%clk 0:00:08]} 32. h4 {[%clk 0:00:49]} h5 {[%clk 0:00:08]}
33. Nh3 {[%clk 0:00:49]} Kg8 {[%clk 0:00:08]} 34. Ng5 {[%clk 0:00:49]} Ne6
{[%clk 0:00:07]} 35. Nxe6 {[%clk 0:00:45]} Rxe6 {[%clk 0:00:08]} 36. Rd1
{[%clk 0:00:41]} Qc6 {[%clk 0:00:07]} 37. Kf1 {[%clk 0:00:40]} Qa4
{[%clk 0:00:06]} 38. Rc1 {[%clk 0:00:10]} Bh6 {[%clk 0:00:07]} 39. Re1
{[%clk 0:00:10]} Rxe1+ {[%clk 0:00:07]} 40. Kxe1 {[%clk 0:00:10]} Qb5
{[%clk 0:00:04]} 41. Kd1 {[%clk 0:00:10]} Bf8 {[%clk 0:00:04]} 42. Kc2
{[%clk 0:00:07]} Be7 {[%clk 0:00:05]} 43. g3 {[%clk 0:00:08]} Bd8
{[%clk 0:00:05]} 44. b4 {[%clk 0:00:07]} Be7 {[%clk 0:00:04]} 45. Kb3
{[%clk 0:00:09]} b6 {[%clk 0:00:04]} 46. axb6 {[%clk 0:00:10]} a5
{[%clk 0:00:05]} 47. Qe3 {[%clk 0:00:08]} Bxb4 {[%clk 0:00:04]} 48. Bxb4
{[%clk 0:00:05]} Qxb4+ {[%clk 0:00:05]} 49. Kc2 {[%clk 0:00:07]} Qxb6
{[%clk 0:00:05]} 50. Qe8+ {[%clk 0:00:08]} Kg7 {[%clk 0:00:04]} 51. Qe5+
{[%clk 0:00:10]} Qf6 {[%clk 0:00:05]} 52. Qxd5 Qxf2+ 53. Kb3 Qxg3
{[%clk 0:00:05]} 54. Qe4 {[%clk 0:00:12]} Qd6 {[%clk 0:00:06]} 55. d5
{[%clk 0:00:12]} Qb4+ {[%clk 0:00:05]} 56. Qxb4 {[%clk 0:00:13]} axb4
{[%clk 0:00:06]} 57. Kxb4 {[%clk 0:00:14]} Kf8 {[%clk 0:00:06]} 58. Kc5
{[%clk 0:00:15]} Ke7 {[%clk 0:00:08]} 59. Kc6 {[%clk 0:00:15]} Kd8
{[%clk 0:00:08]} 60. Kc5 {[%clk 0:00:04]} Kd7 {[%clk 0:00:08]} 61. Kd4
{[%clk 0:00:05]} f6 {[%clk 0:00:06]} 62. Ke4 {[%clk 0:00:06]} g5 {[%clk 0:00:06]}
63. hxg5 {[%clk 0:00:05]} fxg5 {[%clk 0:00:06]} 64. Ke5 {[%clk 0:00:05]} h4
{[%clk 0:00:06]} 65. Kd4 0-1